Ukrajins'kyj pravopys 1928 vs. 1960

Bibliographic Details
Main Author: Hornjatkevyč, Andrij (Author)
Format: Article
Language:Ukrainian
PhysicalDescription:[18] s. 23 cm
Published: [S.l.] [s.n.] [1980]
Subjects:

MARC

LEADER 00000nab a2200000 a 4500
001 vtls010311857
003 SK-MaSNL
005 20260304205921.0
008 110919s xo 000 0 ukr
040 |a SVKPO  |b slo  |c SVKPO  |e AACR2 
041 0 |a ukr 
044 |a xo  |c SK 
072 7 |a 811.161  |x Východoslovanské jazyky  |2 konspekt 
080 |a 811.161.2  |2 2001 
080 |a 81'35  |2 2001 
080 |a (048.8)  |2 2001 
080 |a (0.036.6)  |2 2001 
100 1 |a Hornjatkevyč, Andrij  |4 aut  |9 1540556 
245 1 0 |a Ukrajins'kyj pravopys  |b 1928 vs. 1960  |c Andrij Hornjatkevyč 
260 |a [S.l.]  |b [s.n.]  |c [1980] 
300 |a [18] s.  |c 23 cm 
500 |a Separát. In: Žurnal ukrajinoznavčych studij 8 (vesna 1980), s. 15-32 
504 |a Bibliografia s. 31-32 
648 7 |a 1928  |2 SNKPH  |9 390141 
648 7 |a 1960  |2 SNKPH  |9 307314 
650 0 7 |a ukrajinčina  |2 SNKPH  |9 1347 
650 0 7 |a pravopis  |2 SNKPH  |9 868 
655 7 |a komparatívne štúdie  |2 SNKPH  |9 339271 
655 7 |a separáty  |2 SNKPH  |9 70334 
787 0 8 |i Rec.:  |t Žurnal ukrajinoznavčych studij  |g č. 8 (vesna 1980) 
999 |c 3123685  |d 3125615